000 00583cam a2200193ua 4500
001 1062
005 20260515113254.0
008 110427n ii |||gr||||Z||||||eng
020 _a81-7629-878-6
040 _cMAIN
082 _a343.0745
245 1 _aRural developement administration in the 21t century.
_bA multi-dimentional study.
250 _a1st. /
_bEdited by Surat Singh & Mohinder Singh.
260 _aNew Delhi.:
_bDeep & Deep.,
_c2006.
300 _axi, 439 p.:
_c35 cm.
653 _aPolitical science.
653 _aRural developement in the 21st century.
942 _cBK
999 _c978
_d978